By God's mercy / (Record no. 10672)
[ view plain ]
| 000 -LEADER | |
|---|---|
| fixed length control field | 00654nam a22002297a 4500 |
| 008 - FIXED-LENGTH DATA ELEMENTS--GENERAL INFORMATION | |
| fixed length control field | 230222b |||||||| |||| 00| 0 eng d |
| 017 ## - LEGAL DEPOSIT NUMBER | |
| Legal deposit number | LD.6128 |
| 018 ## - LEGAL DEPOSIT YEAR | |
| LDD Year | 2022 |
| 020 ## - INTERNATIONAL STANDARD BOOK NUMBER | |
| ISBN | 9789789890538 |
| 040 ## - CATALOGING SOURCE | |
| Original cataloging agency | NLN |
| Language of cataloging | English |
| Description conventions | AACR2 |
| 100 ## - MAIN ENTRY--AUTHOR | |
| Author | ADEWOLE, Sunday |
| Relator term | aut |
| 245 ## - TITLE STATEMENT | |
| Title | By God's mercy / |
| Statement of responsibility, etc | Sunday Adewole |
| 260 ## - PUBLICATION, DISTRIBUTION, ETC. (IMPRINT) | |
| Place of publication | [S.l] : |
| Name of publisher | Diocese of Kwara, |
| Date of publication | 2021 |
| 300 ## - COLLATION | |
| Pagination | iii, 61p. : |
| Other physical details | col.ports. ; 21cm. |
| 563 ## - BINDING INFORMATION | |
| Binding note | (pbk.) |
| 650 ## - TRACINGS | |
| Main Subject | Adewole, Sunday Timothy Gbadega, 1965- |
| 650 ## - TRACINGS | |
| Main Subject | Clergy |
| Subdivision (1st) | Nigeria |
| Subdivision (2nd) | Biography |
| 942 ## - ADDED ENTRY ELEMENTS (KOHA) | |
| Item type | Books |
| Suppress in OPAC | No |
| 050 ## - LIBRARY OF CONGRESS CALL NUMBER | |
| Classification number | DT515.83.A233 |
| Item number | A3 |
| 082 ## - DEWEY DECIMAL CLASSIFICATION NUMBER | |
| Classification number | 922.8669 |
| Source of classification or shelving scheme | Not for loan | Home library | Current library | Date acquired | Mode of acquisition | Accession No. | Full call number | Barcode. | Copy number | Koha item type |
|---|---|---|---|---|---|---|---|---|---|---|
| Library of Congress Classification | CALABAR BRANCH | National Library of Nigeria | 22/02/2023 | Legal deposit | 410193 | DT515.83.A233 A3 | 410193 | 1 | Books | |
| Library of Congress Classification | DAMATURU BRANCH | National Library of Nigeria | 22/02/2023 | Legal deposit | 410194 | DT515.83.A233 A3 | 410194 | 1 | Books | |
| Library of Congress Classification | DUTSE BRANCH | National Library of Nigeria | 22/02/2023 | Legal deposit | 410195 | DT515.83.A233 A3 | 410195 | 1 | Books |
